[Event "Sapporo Hokkaido-ch"]
[Site "Sapporo"]
[Date "2024.03.23"]
[Round "1"]
[White "Yamaguchi, Tosei"]
[Black "Takeuchi, Hiroshi"]
[Result "1-0"]
[WhiteElo "1940"]
[BlackElo "1388"]
[PlyCount "85"]
[EventDate "2024.03.23"]
[EventType "swiss"]
[EventRounds "5"]
[EventCountry "JPN"]
[SourceTitle "CB15_2024"]
[SourceDate "2024.04.10"]
[SourceVersion "1"]
[SourceVersionDate "2024.04.10"]
[SourceQuality "1"]

1. d4 Nf6 2. c4 d6 3. Nc3 g6 4. e4 Bg7 5. h3 0-0 6. Be3 e5 7. d5 Nbd7 8. g4 b6 9. Nge2 a5 10. Ng3 Ne8 11. Qd2 Nc5 12. Be2 Bd7 13. h4 f6 14. 0-0-0 a4 15. f3 a3 16. b3 Rb8 17. Rdg1 Ra8 18. Bd1 Rb8 19. Bc2 b5 20. cxb5 Bxb5 21. Nxb5 Rxb5 22. g5 f5 23. Ne2 f4 24. Bf2 Na6 25. Bd3 Qb8 26. Bxb5 Qxb5 27. Nc3 Qb4 28. Na4 Qb7 29. Kb1 c6 30. dxc6 Qxc6 31. Rc1 Qb7 32. Rhd1 Rf7 33. Qd5 Qb8 34. Qc4 Nac7 35. Bb6 Qc8 36. Bxc7 Nxc7 37. Rxd6 Qh3 38. Qd3 Ne6 39. Qd5 Nd4 40. Rd8+ Bf8 41. Qxe5 Nxf3 42. Qd5 Qg2 43. Rd7 1-0